| 000 | 01670nam a2200325 a 4500 | ||
|---|---|---|---|
| 001 | 000026815 | ||
| 003 | DO-SdBNP | ||
| 005 | 20250911125116.0 | ||
| 008 | 100916s2012 dr c 000 0 spa d | ||
| 020 | _a9993467219 | ||
| 040 |
_aDO-SdBNP _bspa _cBNPHU |
||
| 082 |
_a330.97293 _bD473c, 2012 |
||
| 100 | 1 |
_aDespradel, Carlos _d1942- _99280 |
|
| 245 | 1 | 0 |
_a40 años de economía dominicana / _cCarlos Despradel. |
| 246 | 1 | 3 | _aCuarenta años de economía dominicana |
| 250 | _a3a. ed. ampliada, corr. y actualizada | ||
| 260 |
_aSanto Domingo : _bBúho, _c2012. |
||
| 300 |
_a454p. : _bretrs. ; _c23 cm. |
||
| 500 | _aIncluye datos biográficos del autor en la solapa de la contracubierta | ||
| 504 | _aBibliografía : p. 453-454 | ||
| 505 | 0 |
_tLos años del despegue económico -- _tLa crisis económica del 1990 y sus consecuencias -- _tLos años de prosperidad posteriores a las reformas -- _tAntecedentes de la crisis financiera del 2003 -- _tExplota la crisis bancaria del 2003 -- _tAspectos conceptuales del crecimiento dominicano -- _tAnálisis de los diferentes periódos de los último -- _tHacias dónde va la economía dominicana -- _tAnexos-- _tEpílogo -- _tBibliografía |
|
| 590 | _aInventariado, 2018/ YL | ||
| 650 | 4 |
_aCrisis financiera _zRepública Dominicana _xHistoria _926123 |
|
| 650 | 4 |
_aBancos _zRepública Dominicana _xHistoria _926124 |
|
| 651 | 0 |
_aRepública Dominicana _xCondiciones económicas _xHistoria _y1961- _985107 |
|
| 651 | 4 |
_aRepública Dominicana _xPolítica Económica _xHistoria _910018 |
|
| 651 | 4 |
_aRepública Dominicana _xCondiciones Económicas _xHistoria _91210 |
|
| 910 | _aValidado. Control de calidad MFF | ||
| 942 |
_2ddc _cLBS1 |
||
| 999 |
_c26307 _d26307 |
||